<?xml version="1.0" encoding="UTF-8"?>
<record
    xmlns:xsi="http://www.w3.org/2001/XMLSchema-instance"
    xsi:schemaLocation="http://www.loc.gov/MARC21/slim http://www.loc.gov/standards/marcxml/schema/MARC21slim.xsd"
    xmlns="http://www.loc.gov/MARC21/slim">

  <leader>01469nam a2200313 i 4500</leader>
  <controlfield tag="003">EG-GICUC</controlfield>
  <controlfield tag="005">20260121101408.0</controlfield>
  <controlfield tag="008">251130s1976    fr ||||fr|||| 00| 0 fre d</controlfield>
  <datafield tag="040" ind1=" " ind2=" ">
    <subfield code="a">EG-GiCUC</subfield>
    <subfield code="b">fre</subfield>
    <subfield code="c">EG-GiCUC</subfield>
    <subfield code="d">EG-GiCUC</subfield>
    <subfield code="e">rda</subfield>
  </datafield>
  <datafield tag="041" ind1="0" ind2=" ">
    <subfield code="a">fre</subfield>
  </datafield>
  <datafield tag="082" ind1="0" ind2="4">
    <subfield code="2">21</subfield>
    <subfield code="a">343.1</subfield>
    <subfield code="b">DO . P</subfield>
  </datafield>
  <datafield tag="092" ind1="0" ind2="4">
    <subfield code="2">21</subfield>
  </datafield>
  <datafield tag="099" ind1=" " ind2=" ">
    <subfield code="a">Law1 10 343.1 DO . P 1976</subfield>
  </datafield>
  <datafield tag="100" ind1="1" ind2=" ">
    <subfield code="a">Doutcet, Jean-Paul</subfield>
    <subfield code="e">Auteur</subfield>
  </datafield>
  <datafield tag="245" ind1="1" ind2="0">
    <subfield code="a">Pr&#xE9;cis De Droit P&#xE9;nal G&#xE9;n&#xE9;ral /</subfield>
    <subfield code="c">Par Jean-Paul Doucet.</subfield>
  </datafield>
  <datafield tag="264" ind1=" " ind2="1">
    <subfield code="a">Paris :</subfield>
    <subfield code="b">Marcinelle,</subfield>
    <subfield code="c">1976.</subfield>
  </datafield>
  <datafield tag="300" ind1=" " ind2=" ">
    <subfield code="a">303 pages ;</subfield>
    <subfield code="c">24 cm.</subfield>
  </datafield>
  <datafield tag="336" ind1=" " ind2=" ">
    <subfield code="2">rda content</subfield>
    <subfield code="a">text</subfield>
  </datafield>
  <datafield tag="337" ind1=" " ind2=" ">
    <subfield code="2">rda media</subfield>
    <subfield code="a">Computer</subfield>
  </datafield>
  <datafield tag="338" ind1=" " ind2=" ">
    <subfield code="2">rda carrier</subfield>
    <subfield code="a">Online Resource</subfield>
  </datafield>
  <datafield tag="504" ind1=" " ind2=" ">
    <subfield code="a">Comprend des r&#xE9;f&#xE9;rences bibliographiques.</subfield>
  </datafield>
  <datafield tag="520" ind1=" " ind2=" ">
    <subfield code="a">C'est de la bont&#xE9; des lois criminelles que d&#xE9;pend principalement la libert&#xE9; du citoyen... les connaissances que l'on a acquises dans quelque pays et que l'on acquerra dans d'autres sur les r&#xE8;gles les plus s&#xFB;res que l'on puisse tenir dans les juge-menta criminels, int&#xE9;ressent le genre humain plus qu'aucune chose qu'il y ait au monde.</subfield>
  </datafield>
  <datafield tag="520" ind1=" " ind2=" ">
    <subfield code="a">Des lois p&#xE9;nales. Le croirait-on si une triste exp&#xE9;rience ne le prouvait que trop? Dans un si&#xE8;cle o&#xF9; les sciences sont approfondies, la plus importante &gt; au bonheur des hommes est encore au berceau.</subfield>
  </datafield>
  <datafield tag="546" ind1=" " ind2=" ">
    <subfield code="a">Texte en fran&#xE7;ais</subfield>
  </datafield>
  <datafield tag="650" ind1="1" ind2=" ">
    <subfield code="a">Droit P&#xE9;nal</subfield>
  </datafield>
  <datafield tag="856" ind1="4" ind2="0">
    <subfield code="u">https://fll.law.cu.edu.eg/fulltext/bks/B10-00798.pdf</subfield>
  </datafield>
  <datafield tag="905" ind1=" " ind2=" ">
    <subfield code="a">33</subfield>
    <subfield code="e">Hassnaa</subfield>
  </datafield>
  <datafield tag="942" ind1=" " ind2=" ">
    <subfield code="2">ddc</subfield>
    <subfield code="c">BK</subfield>
    <subfield code="e">21</subfield>
    <subfield code="n">0</subfield>
  </datafield>
  <datafield tag="999" ind1=" " ind2=" ">
    <subfield code="c">47479</subfield>
    <subfield code="d">47479</subfield>
  </datafield>
  <datafield tag="952" ind1=" " ind2=" ">
    <subfield code="0">0</subfield>
    <subfield code="1">0</subfield>
    <subfield code="2">ddc</subfield>
    <subfield code="4">0</subfield>
    <subfield code="7">1</subfield>
    <subfield code="8">&#x627;&#x644;&#x642;&#x627;&#x646;&#x648;&#x646; &#x627;&#x644;&#x62C;&#x646;&#x627;&#x626;&#x64A;</subfield>
    <subfield code="a">CU</subfield>
    <subfield code="b">LAW1</subfield>
    <subfield code="d">2025-11-30</subfield>
    <subfield code="l">0</subfield>
    <subfield code="o">Law1 10 343.1 DO . P 1976 1000798 C1</subfield>
    <subfield code="p">B10-00798</subfield>
    <subfield code="r">2025-11-30 15:32:28</subfield>
    <subfield code="t">1</subfield>
    <subfield code="w">2025-11-30</subfield>
    <subfield code="y">BK</subfield>
  </datafield>
</record>
